| 000 | 00839nam a2200325Ia 4500 | ||
|---|---|---|---|
| 008 | 160803s9999 xx 000 0 und d | ||
| 020 | _a0439451590 (paperback) | ||
| 100 | _aMaccarone, Grace | ||
| 245 | 4 | _aThe class trip / | |
| 245 | _cby Grace Maccarone ; illustrated by Betsy Lewin. | ||
| 260 | _aNew York : | ||
| 260 | _bScholastic Inc. | ||
| 260 | _c1999 | ||
| 300 | _a[29] unnumbered pages : | ||
| 300 | _bcolor illustrations ; | ||
| 300 | _c23 cm. | ||
| 440 | _aHello reader!. | ||
| 440 | _vLevel 1 | ||
| 500 | _a"Cartwheel books." | ||
| 650 | _aLost children -- | ||
| 650 | _aSchool field trips -- | ||
| 650 | _aStories in rhyme. | ||
| 650 | _aZoo animals -- | ||
| 650 | _aZoos -- | ||
| 650 | _xFiction. | ||
| 650 | _xFiction. | ||
| 650 | _xFiction. | ||
| 650 | _xFiction. | ||
| 700 | _a160 | ||
| 999 |
_c299695 _d299695 |
||